Biblioteca completa de educación o instrucciones para las señoras jóvenes (Record no. 8498)

MARC details
000 -CABECERA
campo de control de longitud fija 01072nam a2200253 a 4500
001 - NÚMERO DE CONTROL
campo de control BRCA_8847
005 - FECHA Y HORA DE LA ÚLTIMA TRANSACCIÓN
campo de control 20190320210432.0
008 - DATOS DE LONGITUD FIJA--INFORMACIÓN GENERAL
campo de control de longitud fija 120517s1780----sp-#######---#000-0#spa-#
041 ## - CÓDIGO DE LENGUA
Código de lengua del texto/banda sonora o título independiente spa
044 ## - CÓDIGO DEL PAÍS DE LA ENTIDAD EDITORA/PRODUCTORA
Código MARC del país sp
084 ## - OTRO NÚMERO DE CLASIFICACIÓN
Número de clasificación BE229
Número de documento/Ítem .J43 1780
100 1# - ENTRADA PRINCIPAL--NOMBRE DE PERSONA
Nombre de persona Jeann-Marie
Títulos y otros términos asociados al nombre Le prince de Beaumont
9 (RLIN) 21966
245 10 - MENCIÓN DE TÍTULO
Título Biblioteca completa de educación o instrucciones para las señoras jóvenes
Resto del título en la edad de entrar ya en la sociedad y poderse casar
Mención de responsabilidad, etc. obra escrito en francés por Madama Le Prince de Beaumont, y traducida al castellano por Don Joseph de la Fresa.
260 ## - PUBLICACIÓN, DISTRIBUCIÓN, ETC.
Lugar de publicación, distribución, etc. En Madrid
Nombre del editor, distribuidor, etc. En la imprenta de D. Manuel Martin
Fecha de publicación, distribución, etc. 1780
300 ## - DESCRIPCIÓN FÍSICA
Extensión 344 p. (t.6)
Dimensiones 15.5 x 10.2 cm.
500 ## - NOTA GENERAL
Nota general Con las licencias necesarias
500 ## - NOTA GENERAL
Nota general Estado físico: presenta encuadernación en pergamino con presencia del pez de plata y lomo semi desprendido
650 14 - PUNTO DE ACCESO ADICIONAL DE MATERIA--TÉRMINO DE MATERIA
Término de materia o nombre geográfico como elemento de entrada Mujer
Subdivisión general Educación
9 (RLIN) 21967
650 14 - PUNTO DE ACCESO ADICIONAL DE MATERIA--TÉRMINO DE MATERIA
Término de materia o nombre geográfico como elemento de entrada Educación
Subdivisión cronológica Obras anteriores a 1800
9 (RLIN) 21679
700 1# - PUNTO DE ACCESO ADICIONAL--NOMBRE DE PERSONA
Nombre de persona Fresa, Joseph de la
Término indicativo de función/relación tr.
9 (RLIN) 22037
700 1# - PUNTO DE ACCESO ADICIONAL--NOMBRE DE PERSONA
Nombre de persona Manuel Martin
Término indicativo de función/relación Impresor
9 (RLIN) 22038
902 ## - CATALOGADOR
Iniciales CFM
942 ## - ELEMENTOS DE PUNTO DE ACCESO ADICIONAL (KOHA)
Fuente del sistema de clasificación o colocación Library of Congress Classification
Tipo de ítem Koha Libros
Holdings
Estado de retiro Estado de pérdida Estado dañado No para préstamo Localización permanente Ubicación/localización actual Fecha de adquisición Total de préstamos Signatura topográfica completa Código de barras Fecha visto por última vez Precio válido a partir de Tipo de ítem Koha
El ejemplar forma parte de la colección y puede ser consultado según las políticas vigentes.       Biblioteca del Museo Franz Mayer (Rogerio Casas-Alatriste) Biblioteca del Museo Franz Mayer (Rogerio Casas-Alatriste) 12/05/2017   BE229 .J43 1780 CFM00174 22/03/2019 22/03/2019 Libros